Survival of the smallest (Record no. 64394)

MARC details
000 -LEADER
fixed length control field 01020cam a2200253 4500
001 - CONTROL NUMBER
control field ABS62750
008 - FIXED-LENGTH DATA ELEMENTS--GENERAL INFORMATION
fixed length control field 000000n2000 000 0 eng u
035 ## - SYSTEM CONTROL NUMBER
System control number (Sirsi) u107807
100 ## - MAIN ENTRY--PERSONAL NAME
Personal name Crosby, N.
245 ## - TITLE STATEMENT
Title Survival of the smallest
260 ## - PUBLICATION, DISTRIBUTION, ETC.
Date of publication, distribution, etc. 2000
490 ## - SERIES STATEMENT
Series statement Estates Gazette
Volume/sequential designation (0029) 22 July 2000, 120-121(2)
520 ## - SUMMARY, ETC.
Summary, etc. Suggests that the government should focus more on the needs of the small business tenant. Proposes that these needs could be addressed by providing readily understandable information about leases and offering them positive protection of their interests. Looks at the experiences of small retail tenants in Australia who placed pressure on their government to give them a fairer deal in the 1980s.
590 ## - LOCAL NOTE (RLIN)
Local note ABS
650 ## - SUBJECT ADDED ENTRY--TOPICAL TERM
Topical term or geographic name entry element SMALL BUSINESSES
650 ## - SUBJECT ADDED ENTRY--TOPICAL TERM
Topical term or geographic name entry element LEASES
650 ## - SUBJECT ADDED ENTRY--TOPICAL TERM
Topical term or geographic name entry element LEASE TERMS
650 ## - SUBJECT ADDED ENTRY--TOPICAL TERM
Topical term or geographic name entry element BUSINESS TENANTS
650 ## - SUBJECT ADDED ENTRY--TOPICAL TERM
Topical term or geographic name entry element AUSTRALIA
690 ## - LOCAL SUBJECT ADDED ENTRY--TOPICAL TERM (OCLC, RLIN)
Topical term or geographic name as entry element LANDLORD AND TENANT-BUSINESS TENANCIES
700 ## - ADDED ENTRY--PERSONAL NAME
Personal name Rowland, P.
700 ## - ADDED ENTRY--PERSONAL NAME
Personal name Murdoch, S.
942 ## - ADDED ENTRY ELEMENTS (KOHA)
Suppress in OPAC 0
Holdings
Withdrawn status Lost status Source of classification or shelving scheme Damaged status Not for loan Home library Current library Shelving location Date acquired Total Checkouts Full call number Barcode Date last seen Copy number Price effective from Koha item type
    Dewey Decimal Classification     London London Journal article 16/08/2000   ABS62750 107807-1001 06/08/2019 1 06/08/2019 Journal article